000 00336nam a2200133 i 4500
001 bg
100 1 _aWIERZBICKI, Andrzej
245 0 _aWschód-Zachód w koncepcjach dziejów Polski /
_cAndrzej Wierzbicki.
260 _aWarszawa,
_c1984.
040 _cBPK
041 _apol
942 _cKS
008 s pl f |000 0 pol
999 _c22920
_d22920
856 _uhttp://koha.tu.koszalin.pl/cgi-bin/koha/opac-detail.pl?biblionumber=22920
_yKatalog online BPK